| 000 | 00528nam a22001577a 4500 | ||
|---|---|---|---|
| 005 | 20120331145646.0 | ||
| 020 |
_a8171826733 _c95.00 |
||
| 035 | _aB-83910 | ||
| 037 |
_aDPL _bENG |
||
| 100 |
_aChaturbedi, B.K. _944599 |
||
| 245 |
_aVishnu Puran / _cby B.K. Chaturvedi |
||
| 260 |
_aNew Delhi _bDiamond Pocket Books _c2003 |
||
| 300 |
_a128p. _c20 cms. |
||
| 942 |
_2ddc _cEN _h230.22 _mCHA |
||
| 999 |
_c64562 _d64562 |
||